Leadbelly the Library of Congress recordings.

Saved in:
Bibliographic Details
Corporate Author: Library of Congress. Music Division.
Other Authors: Leadbelly, 1885-1949. (Performer), Cohn, Lawrence, 1932-
Format: Audio
Language:English
Published: New York, N.Y. : Elektra, [1966?]
Subjects:
Tags: Add Tag
No Tags, Be the first to tag this record!
LEADER 02861njm a2200445 a 4500
001 008197348-9
005 20020606104010.5
008 991001p19661933nyumu dfi eng d
010 |a ra 68000105  
028 0 2 |a 301-2  |b Electra 
028 0 2 |a EKL 301-2  |b Elektra 
033 2 0 |a 1933----  |a 1942---- 
035 0 |a ocm11938356 
035 1 |a MAHS99R1473 
035 1 |z RIBGB25072869R 
040 |a MNS  |c MNS  |d OCoLC  |d OKentU  |d DHU  |d OCoLC  |d RPB  |d CStRLIN  |d MH-Mu 
043 |a n-us--- 
047 |a fm  |a bl  |a pp  |a gm 
048 |a vj01  |a tb01 
100 0 |a Leadbelly,  |d 1885-1949.  |4 prf. 
245 0 0 |a Leadbelly  |h [sound recording] :  |b the Library of Congress recordings. 
246 3 0 |a Library of Congress recordings 
260 |a New York, N.Y. :  |b Elektra,  |c [1966?] 
300 |a 3 sound discs :  |b analog, 33 1/3 rpm, mono. ;  |c 12 in. 
500 |a Folk songs, blues and original songs, principally with guitar acc. 
500 |a Title from container. 
500 |a Biographical notes, program notes by Lawrence Cohn, and transcription of texts (23 p. : ill.) laid in container. 
505 0 |a Texas, Louisiana, Barrelhouse. Mr. Tom Hughes' town ; De Kalb blues ; Take a whiff on me ; Medicine man ; I'm sorry Mama -- Square dances, Sooky jumps, Reels. Monologue: Square dances, sooky jumps ; Po' Howard ; Monologue: Dance calls, dance steps ; Gwine dig a hole ; Tight like that ; Green corn ; Becky Dean -- Penitentiaries. Monologue: Prison singing ; Midnight special ; I ain't gonna ring dem yellow women's do'bells ; Rock Island line ; Governor Pat Neff ; Irene ; Governor O.K. Allen -- Spirituals. Git on board ; Hallelujah ; Monologue: Joining the Church ; Backslider ; Fare you well ; Amazing grace ; Must I be carried to the sky on flowered beds of ease? ; Amazing grace ; Flowered beds of ease ; Down in the valley to pray ; Let it shine on me ; Run sinners ; Ride on -- Blues. Monologue: The blues ; Thirty days in the workhouse ; 'Fo day worry blues ; Matchbox blues ; You don't know my mind ; Got a gal in town with her mouth chock full of gold ; Alberta ; Take me back ; Henry Ford blues -- Ballads. Ella speed ; Billy the weaver ; Frankie & Albert ; If it wasn't for Dicky ; Mama, did you bring me any silver? ; Topical, protest: Bourgeois blues ; Howard Hughes ; Scottsboro boys ; Hindenburg disaster ; Turn yo' radio on ; Roosevelt song. 
511 0 |a Leadbelly (Huddie Ledbetter), voice and guitar. 
518 |a Recorded between 1933 and 1942 by John A. Lomax and Alan Lomax. 
650 0 |a Folk songs, English  |z United States. 
650 0 |a Blues (Music)  |y 1931-1940. 
650 0 |a Blues (Music)  |y 1941-1950. 
650 0 |a Spirituals (Songs) 
650 0 |a Folk music  |z United States. 
650 0 |a Music  |z United States. 
700 1 |a Cohn, Lawrence,  |d 1932- 
710 2 |a Library of Congress.  |b Music Division. 
988 |a 20020608 
906 |0 RLIN